000 00261nam a22001217a 4500
008 190225b xxu||||| |||| 00| 0 eng d
041 _aeng
080 _a159.9
100 _a49
101 _aPSI
245 _aPsycholinguistics
_cDiebold, A.R
942 _2udc
_cBK
999 _c54195
_d54195